00301nam a2200121Ia 4500008004100000020001800041041001200059100001600071245004200087260002700129300000800156650001500164221030s9999 xx 000 0 und d a9788120353480 aEnglish aS. L. Gupta 0aFinancial Derivativescby S. L. Gupta bPHI LearningaDelhic0 a862 aManagement